| 000 | 02024cam a22002294a 4500 | ||
|---|---|---|---|
| 005 | 20250605164241.0 | ||
| 008 | 250528s ||||||||||||||||||||||||d | ||
| 035 | _a21332 | ||
| 020 | _a9789602187678 | ||
| 040 |
_aGR-AtMCL _bgre _dGR-AtMCL _eAACR2 |
||
| 245 | 1 | _aΘέματα Τραπεζικής και Χρηματοοικονομικής Θεωρίας | |
| 250 | _a1η | ||
| 260 |
_bΚριτική - Επιστημονική Βιβλιοθήκη, _c2012 |
||
| 300 | _a432 | ||
| 520 | _aΣτόχος του βιβλίου είναι να καλύψει σημαντικά θέματα τραπεζικής και χρηματοοικονομικής θεωρίας με τρόπο απλό και κατανοητό ακόμη και για μη ειδικούς. Πρόλογος, Εισαγωγή, Συνοπτική Αναφορά στην Εξέλιξη του Τραπεζικού Συστήματος, Αξιόγραφα Σταθερου Εισοδήματος: Η Περίπτωση των Ομολογιών, Παράγωγα Προϊόντα, Βασιλεία Ι, ΙΙ και ΙΙΙ, Δείκτες CAMELS και Αξιολόγηση Φερεγγυότητας Τραπεζών, Leasing (Μίσθωση), Factoring (Πρακτορεία Επιχειρηματικών Απαιτήσεων), Forfaiting (Πώληση Επιχειρηματικών Απαιτήσεων ή Εμπορία Απαιτήσεων, Λιανική Τραπεζική (Καταναλωτική και Στεγαστική Πίστη), Εισαγωγή σε Θέματα Τραπεζικής Λογιστικής και Σχέδια Λογιστικής Τυποποίησης, Η Κρίση του 2007 από τις ΗΠΑ μέχρι την Ελλάδα, Βιβλιογραφία, Παράρτημα. | ||
| 700 | 1 |
_aΛεβεντίδης Ιωάννης _97386 |
|
| 700 | 1 | _aΝτοκάς Ιωάννης Γ | |
| 700 | 1 |
_aΧριστοπουλος Αποστολος Γ _97388 |
|
| 942 | _cBK | ||
| 999 |
_c6397 _d6397 |
||